Horst Bienek, geb. 7.Mai 1930 in Gleiwitz, gest. 7.Dezember 1990 in München

Titel: Horst Bienek, geb. 7.Mai 1930 in Gleiwitz, gest. 7.Dezember 1990 in München
Verfasser:
In: Oberschlesisches Jahrbuch, Band 7 (1991), Seite 306/308
alle Artikel anzeigen
Veröffentlicht: 1991
Format: Aufsatz
Sprache: Deutsch
Schlagworte:
Kein Bild verfügbar
X
alg: 13100927
001A    $04504:23-08-05 
001B    $03025:03-02-26 $t17:22:03.000 
001D    $04504:23-08-05 
001U    $0utf8 
001X    $00 
002@    $0Aox 
003@    $0131009273 
007E    $073892 
010@    $ager 
011@    $a1991 
021A    $aHorst Bienek, geb. 7.Mai 1930 in Gleiwitz, gest. 7.Dezember 1990 in München 
028A    $#Szuman-Fikus, Renata $#Schumann-Rotscheidt, Renata $#Rotscheidt, Renata Schumann- $7113084390 $8Schumann, Renata$Z1934-2012 [Tp1] $9147504732 
031A    $d7 $h306/308 $j1991 
039B    $aIn $8--Abvc--. Oberschlesisches Jahrbuch. - Ratingen : Stiftung Haus Oberschlesien, 1985-2009. - ISSN 0930-6978 $x199100000070000694 $904709043X 
044K    $#Bienek, H. G. $#Bienek, Horst Günther $#Bienek, Horst, Karl $7118510754 $8Bienek, Horst$Z1930-1990 [Tp1] $9086851888 
045T    $a8,1 
045V    $818.14.00$jZu einzelnen Autoren [Tkx] $911884380X 

lok: 13100927 62

exp: 13100927 62 1 #EPN
201B/01 $028-12-12 $t21:15:54.000 
201U/01 $0utf8 
203@/01 $0287103277 
206W/01 $0perSW-1 28.12.2012 21:15:54 
208@/01 $a09-08-05 $be 
209A/01 $a/ $f000 $x00 
209B/01 $a1995 $x05 
244Z/01 $aBienek, Horst  $x01 
247C/01 $8Frankfurt, Bibliographie der Deutschen Sprach- und Literaturwissenschaft $9113214561 

lok: 13100927 78

exp: 13100927 78 1 #EPN
201B/01 $003-02-26 $t17:22:03.000 
201C/01 $003-02-26 
201U/01 $0utf8 
203@/01 $01333397305 
208@/01 $a03-02-26 $be 
209A/01 $a/ $f000 $x00 
209A/01 $ab*p $x01 
220C/01 $apgar 
244Z/01 $#Generalgouvernement Polen $#Polska $#Rzeczpospolita Polska $#Polska Rzeczpospolita Ludowa $#Poland $#Pologne $#République Polonaise $#Generalne Gubernatorstwo w Polsce $#Polish People's Republic $#Polska Rzeczpospolita Polen $#PRL $#RP $#Polen Generalgouvernement $#Polska Generalgouvernement $#Besetzte Polnische Gebiete $#Besetztes Gebiet in Polen $#Okupowane Polskie Obszary $#Obszary Okupowane w Polsce $#Volksrepublik Polen $#Polska Rosyjska $#Republic Polen $#Respublika Pol'ša $#Pol'skaja Narodnaja Respublika $#République de Pologne $#Polen Links der Weichsel $#Polska po Lewej Stronie Wisły $#Lenkija $#Polija $#Gubernija Carstva Pol'skago $#Republik Polen $74046496-9 $8--Tg1--Polen $x01 $9085129801 
244Z/01 $#Schlesien $#Schlesien $#Herzogtum Schlesien $#Herzogtum Schlesien Schlesien $#Provinz Schlesien $#Śla̜sk $#Slezsko $#Silesia $74052678-1 $8--Tg1--Schlesien $x02 $9085146781 
247C/01 $82080>Marburg/Lahn, Herder-Institut, Forschungsbibliothek, Bibliographieportal $9336309341
LEADER 00000caa a22000002c 4500
001 131009273
003 DE-603
005 20260203172203.0
007 tu
008 050823s1991 xx |||| | u00||u|ger c
035 |a (DE-599)HEB131009273 
040 |a DE-603  |b ger  |c DE-603  |d DE-603 
041 |a ger 
084 |a 8,1  |2 ssgn 
100 1 |a Schumann, Renata  |d 1934-2012  |0 (DE-603)147504732  |0 (DE-588)113084390  |2 gnd 
245 0 0 |a Horst Bienek, geb. 7.Mai 1930 in Gleiwitz, gest. 7.Dezember 1990 in München 
264 0 |c 1991 
600 1 7 |a Bienek, Horst  |d 1930-1990  |0 (DE-588)118510754  |0 (DE-603)086851888  |2 gnd 
773 0 8 |i In  |t Oberschlesisches Jahrbuch  |d Ratingen : Stiftung Haus Oberschlesien, 1985-2009  |h 24 cm  |x 0930-6978  |g Band 7 (1991), Seite 306/308  |w (DE-603)04709043X  |w (DE-600)82431-8 
924 0 |9 603  |a (DE-603)287103277  |b DE-603  |c HES  |d d 
924 0 |9 2080  |a (DE-603)1333397305  |b DE-2080  |c HES  |d d  |g /